Đột quỵ cách phòng ngừa và điều trị
সংরক্ষণ করুন:
| প্রধান লেখক: | |
|---|---|
| বিন্যাস: | গ্রন্থ |
| ভাষা: | Undetermined |
| প্রকাশিত: |
Hà Nội
Y Học
2004
|
| বিষয়গুলি: | |
| ট্যাগগুলো: |
ট্যাগ যুক্ত করুন
কোনো ট্যাগ নেই, প্রথমজন হিসাবে ট্যাগ করুন!
|
| Thư viện lưu trữ: | Trung tâm Học liệu Trường Đại học Cần Thơ |
|---|
| LEADER | 00523nam a2200193Ia 4500 | ||
|---|---|---|---|
| 001 | CTU_74138 | ||
| 008 | 210402s9999 xx 000 0 und d | ||
| 020 | |b 18000 | ||
| 082 | |a 616.12 | ||
| 082 | |b Tr300 | ||
| 100 | |a Lê, Văn Tri | ||
| 245 | 0 | |a Đột quỵ cách phòng ngừa và điều trị | |
| 245 | 0 | |c Lê Văn Tri | |
| 260 | |a Hà Nội | ||
| 260 | |b Y Học | ||
| 260 | |c 2004 | ||
| 650 | |a Cardiology | ||
| 904 | |i Mai Loan, Qhieu | ||
| 980 | |a Trung tâm Học liệu Trường Đại học Cần Thơ | ||